| 000 | 00559nam a2200241 a 4500 | ||
|---|---|---|---|
| 001 | nice12345678 | ||
| 003 | IN_TiNIC | ||
| 005 | 20260116011822.0 | ||
| 008 | 050524s1935 egya grs 000 0 31g | ||
| 020 |
_a _c100 |
||
| 082 | 0 | 0 |
_a224 _bNIL |
| 100 | _aNile, Press | ||
| 245 | _aDastan-I-Yousof. | ||
| 260 |
_aEgypt _bNile Press _c1935 |
||
| 300 | _a26p | ||
| 500 | _aincludes index and biblioraphy | ||
| 505 | 2 | _aHand Written Manuscript | |
| 650 | _aBible-Prophets | ||
| 700 | 1 | _aNile, Press | |
| 902 | _bSRS | ||
| 942 | _cPS | ||
| 999 |
_c4189 _d4189 |
||